تحميل...

An agrarian history of South Asia.

التفاصيل البيبلوغرافية
المؤلف الرئيسي: Ludden, David E.
التنسيق: Printed Book
منشور في: Cambridge, UK ; New York : Cambridge University Press, 1999.
سلاسل:The new Cambridge history of India ;
الموضوعات:
LEADER 00601cam a2200169La 4500
020 |a 0521364248 
082 0 4 |a 954.8  |b LUD/A 
100 1 |a Ludden, David E. 
245 1 3 |a An agrarian history of South Asia. 
260 |a Cambridge, UK ;  |a New York :  |b Cambridge University Press,  |c 1999. 
300 |a xiii, 261 p. ; 
490 1 |a The new Cambridge history of India ; 
650 0 |a Agriculture  |z India. 
650 0 |a Agriculture  |z India 
942 |c BK 
999 |c 100054  |d 100054 
952 |0 0  |1 0  |4 0  |6 954_800000000000000_LUD_A  |7 0  |9 93340  |a SSS  |b SSS  |c GEN  |d 2012-03-19  |g 895.00  |l 0  |o 954.8 LUD/A  |p SSS02802  |r 2012-03-19  |w 2012-03-19  |y BK